000 00393nam a2200157 a 4500
001 1980
005 20140414131912.0
008 040111s19uu xx 00 eng d
050 _aER
_bD89 1996
245 _aDumbo /
_cIllustration by Zapp.
260 _aCanada :
_bBrimar,
_c1996.
300 _a29 p. ; cm.
650 _aElephant
_xFiction.
650 _aChildren stories.
999 _c111246
_d111246